01326cam a22003497i 450000100090000000300040000900500170001300800410003001000170007102000180008804000280010604200140013405000230014808200180017110000360018924500760022524600220030126400750032330000470039833600260044533700280047133800270049949000400052650000200056665000290058665000460061583000670066190600450072894200420077395201440081599900170095918976879OSt20240202155937.0160216s2016 flua 001 0 eng  a 2016933564 a9781609911652 aDLCbengerdacDLCdDLC alccopycat00aAG244b.T5318 201600a031.02bTIB/R1 aTibballs, Geoffeauthor.91036710aRipley's believe it or not!pUnlock the weird! /ctext, Geoff Tibballs.30aUnlock the weird! 1aOrlando, Florida :bRipley Publishing, a Jim Pattison Company,c[2016] a253 pages :bcolor illustrations ;c31 cm. atextbtxt2rdacontent aunmediatedbn2rdamedia avolumebnc2rdacarrier1 aRipley's-- believe it or not! ;v13 aIncludes index. 0aCuriosities and wonders. 0aCuriosities and wondersvPictorial works. 0aRipley's believe it or not! (Ripley Entertainment Inc.) ;v13. a7bcbcccopycatd2eepcnf20gy-gencatlg 2ddccBKh031.02iTIB/Rk031.02mTIB/R 00102ddc40708GENERAL COLLECTIONSaMESbMEScGENd2024-02-02l0o031.02 TIB/Rp45237r2024-02-02 16:01:40v399.00w2024-02-02yREFzU4R2 c44388d44388